MARC details
| 000 -LEADER |
| fixed length control field |
00778cab a2200181 4500 |
| 001 - CONTROL NUMBER |
| control field |
L136165 |
| 008 - FIXED-LENGTH DATA ELEMENTS--GENERAL INFORMATION |
| fixed length control field |
070116n2007 000 0 eng u |
| 035 ## - SYSTEM CONTROL NUMBER |
| System control number |
(Sirsi) u136165 |
| 041 0# - LANGUAGE CODE |
| Language code of text/sound track or separate title |
eng |
| 245 00 - TITLE STATEMENT |
| Title |
Survey |
| Remainder of title |
Benelux |
| 260 ## - PUBLICATION, DISTRIBUTION, ETC. |
| Date of publication, distribution, etc. |
2007 |
| 490 #0 - SERIES STATEMENT |
| Series statement |
EuroProperty |
| Volume/sequential designation |
15 January 2007, 31-36(6) |
| 520 ## - SUMMARY, ETC. |
| Summary, etc. |
Discusses the economic performance of Belgium, the Netherlands and Luxembourg in recent years, and how this has affected the office market. Confidence and job growth in the Netherlands is attracting foreign investment. Despite the increased level of vacancies in Brussels, investors still find the city's property market a safe investment. |
| 590 ## - LOCAL NOTE (RLIN) |
| Local note |
KA |
| 651 #4 - SUBJECT ADDED ENTRY--GEOGRAPHIC NAME |
| Geographic name |
BENELUX |
| 690 ## - LOCAL SUBJECT ADDED ENTRY--TOPICAL TERM (OCLC, RLIN) |
| Topical term or geographic name as entry element |
PROPERTY-COMMERCIAL PROPERTY-COMMERCIAL PROPERTY MARKET |
| 942 ## - ADDED ENTRY ELEMENTS (KOHA) |
| Suppress in OPAC |
0 |